Amadeus - DAN - Statistiques

Statistiques générales
  • Ce quiz a été pris 66 fois
  • Le résultat moyen est 27 sur 78
Statistiques - réponses
Villes Codes % Correct
Lima LIM
91%
Lisbonne LIS
91%
Londres LON
82%
Marseille MRS
82%
Madrid MAD
68%
Rome ROM
68%
Berlin BER
64%
Tunis TUN
64%
Budapest BUD
59%
Dublin DUB
59%
New York NYC
59%
Athènes ATH
55%
Lille LIL
55%
Oslo OSL
55%
Prague PRG
55%
Toulouse TLS
55%
Vienne VIE
55%
Bruxelles BRU
50%
Francfort FRA
50%
JF Kennedy JFK
50%
Las Vegas LAS
50%
Lyon LYS
50%
ORLY ORY
50%
Amsterdam AMS
45%
Bangkok BKK
45%
Fort de France FDF
45%
Los Angeles LAX
45%
Nantes NTE
45%
Tokyo TYO
45%
Beauvais BVA
41%
Delhi DEL
41%
Dubaï DXB
41%
Nice NCE
41%
Rio RIO
41%
Barcelone BCN
36%
Buenos Aires BUE
36%
Miami MIA
36%
Papeete (Tahiti) PPT
36%
St Denis (Réunion) RUN
36%
Toulon TLN
36%
Bogota BOG
32%
Pointe à Pitre PTP
32%
Washington WAS
32%
Roissy CDG
27%
Copenhague CPH
27%
Le Bourget LBG
27%
Rennes RNS
27%
Venise VCE
27%
Montpellier MPL
23%
Munich MUC
23%
Porto OPO
23%
Marrakech RAK
23%
Zurich ZRH
23%
Bordeaux BOD
18%
Bucarest BUH
18%
Heathrow (Angleterre) LHR
18%
Stockholm STO
18%
Johannesbourg (AFS) JNB
14%
Mauritius MRU
14%
Mahé (Seychelles) SEZ
14%
Antananarive TNR
14%
Quito UIO
14%
Cracovie KRK
9%
Moscou MOW
9%
Riga (Lettonie) RIX
9%
Séville SVQ
9%
Tenerife TFS
9%
Montréal YMQ
9%
Pékin BJS
5%
Genève GVA
5%
Gatwick LGW
5%
Malé (Maldives) MLE
5%
Nairobi NBO
5%
Strasbourg SXB
5%
Tallinn TLL
5%
Vilnius VNO
5%
Newark EWR
0%
Trudeau (Canada) YUL
0%
Aucun quiz correspondant
Distribution des résultats
% des personnes avec chaque résultat
Percentile par nombre de réponses
Votre historique - résultats
Vous n’avez pas pris ce quiz